000 00540nam a2200193Ia 4500
005 20250923150105.0
008 008 250917s9999 xx 000 0 eng d
037 _aTextual
040 _aDSWL
_beng
_cDSWL
041 _aeng
_2eng
084 _aG:55, POO
_qDSWL
245 0 _aCities and desertifications: Sex case studies
_c by Forum of World
260 _aBonn
_bFriedrich Ebert Stiffung
_c2000
300 _a143p.
365 _aINR
_b71.5
925 _g71.5
942 _cTEXL
_hG:55, POO
999 _c1459439
_d1459439